Quizzes
Events
Quiz Creation
Community
Videos
Private Events
Remove Ads
Sign In
Join for FREE
Feedback
Dark Mode
Quiz Categories
Sports
Geography
Music
Movies
Television
Just For Fun
Miscellaneous
History
Literature
Language
Science
Gaming
Entertainment
Religion
Holiday
For Kids
Quiz Lab
Recent
Popular Today
Quiz Kudos Today
Editor Picks
Curator Picks
Quizzes by...
Day
Popularity
Type
Ratings
Length
Year
Community
Subscriptions
Recent Discussions
Orange Saloon
Badges
Playlists
Quests
Create
Leaderboards
Showdown
Live 5
Trivia Bingo
Activity
Puzzle Library
Sporcle Events
Private Events
Virtual Trivia
Globe League
Become a Host
Pub Owners
SporcleCon
Opinionation
Our Games
Videos
Blog
Mobile Apps
Partnerships
Remove Ads and Go Orange
Feedback
Literature
Harry Potter
A Song of Ice and Fire
The Hunger Games
Literary Character
Shakespeare
Book
Author
Novel
Poem
Young Adult
Children's Books
Play
Lord of the Rings
Literature
Harry Potter
A Song of Ice and Fire
The Hunger Games
Literary Character
Shakespeare
Book
Author
Novel
Poem
Young Adult
Children's Books
Play
Lord of the Rings
Random Quiz
Search Sporcle
×
Quiz Lab
Quiz Lab
Literature
Lord of the Rings
Type in answers that appear in a list
Type in answers that appear in a list
Classic
Best Score? Go Orange.
Tolkien Heraldry (pics) Stats
Can you name the emblems and heraldic devices created by J.R.R. Tolkien?
By
BamaMuaddib
10m
20 Questions
1,409 Plays
1,409 Plays
1,409 Plays
Comments
Comments
Give Quiz Kudos
Give Quiz Kudos
-
- Ratings
hide this ad
More Info
Replay
Link that replays current quiz
Next Quiz
Link to next quiz in quiz playlist
You Got
0%
They Got
Avg Score
64%
Avg Friend Score
Upgrade to see
Score Distribution
Jump to the score distribution portion of the page
Score
0/20
Timer
10:00
0
Plays Today
House
Name
% Correct
Men (13-
19)
Éothraim/Rohan
91.1%
Men (13-
19)
Gondor
90.7%
Noldor (1-
9)
Fëanor
82.2%
Noldor (1-
9)
Finwë
78.3%
Maiar (11, 20)
Mordor/Sauron
77.4%
Noldor (1-
9)
Fingolfin
77.1%
Noldor (1-
9)
Finarfin
72.2%
Teleri (10, 12)
Elwë/Elu Thingol
71.7%
Maiar (11, 20)
Melian
66.6%
Noldor (1-
9)
Finrod Felagund
66.1%
House
Name
% Correct
Teleri (10, 12)
Lúthien Tinúviel
64.8%
Noldor (1-
9)
Ereinion Gil-galad
61.8%
Men (13-
19)
Beren
60.3%
Noldor (1-
9)
Eärendil the Mariner
58.8%
Men (13-
19)
House of Bëor
52.9%
Men (13-
19)
Númenor
52.4%
Men (13-
19)
House of Haleth
46.9%
Men (13-
19)
House of Hador
46.6%
Noldor (1-
9)
Idril Celebrindal
43.9%
Noldor (1-
9)
Silmarilli
36.3%
Quiz Playlist
Details
Report
Send in Message
Add To Playlist
More Info:
*The only inanimate object(s) in the mix. "This character is Half-elven. HINT: Numbers 8, 11, 12, and 15 are female characters.
Classic:
Type in answers that appear in a list
Quiz Source
Last Updated: Feb 16, 2017
Quiz Scoreboard
CHALLENGE
Sign Up to Join the Scoreboard
Show All
Scores
Hide
Comments
May contain spoilers
Recently Published
Alphabetical 'K' Countries by Flag Minefield
by ylime102
Geography
3m
Pick 6: Fruits
by JohnFran
Miscellaneous
15s
Click the 1999 NBA Draft
by nibperrychub
Sports
2m
More to Explore
Quiz From the Vault
Featured Blog Post
15 Basketball Trivia Facts You Can Be March Mad About
hide this ad
You Might Also Like...
Tags
Lord of the Rings Quiz
Beleriand
emblem
Heraldic
Heraldry
JRR Tolkien
Middle Earth
silmarillion
Today's Top Quizzes in Literature
Browse Literature
hide this ad
Today's Top Quizzes in Lord of the Rings
Browse Lord of the Rings
Top Contributed Quizzes in Literature
1
Season Plays
2
Harry Potter Characters: Logic Puzzle
3
Pick 3: Harry Potter Hogwarts Quidditch Players
4
Harry Potter Logic Quiz New
5
4-to-1 Blitz: Harry Potter
6
Word Ladder: King's 'The Stand'
7
Spring Reading List
8
A Court of Thorns and Roses (ACoTaR) Criteria Quiz
9
Chronology: Percy Jackson - Character deaths
10
percy jackson logic puzzle
Explore More
Trending Topics
Crossword
NBA
Marvel
Harry Potter
Kpop
Anime
Disney
Puzzle
Country
Soccer
WWE
The Office
Song
NFL
Pokémon
hide this ad
More By:
BamaMuaddib
Quiz
Plays
Rating
Category
Featured
Created
US State Capitals Minefield
107,604
4.03
Geography
Jul 1, 2011
Boy Band or Insect Repellent?
40,509
4.21
Just For Fun
May 25, 2011
Before or After: 1900
40,137
4.00
History
May 27, 2011
Tolkien's Kitchen
31,925
4.52
Literature
Apr 25, 2011
Kirk's Eulogy for Spock
24,529
4.64
Movies
Jul 9, 2011
Go to Creator's Profile
Score Distribution
Quiz Creator Spotlight
BamaMuaddib
Follow
Send a Message
Quizzes Created
-
Created Quiz Play Count
-
More By This Creator
Popular Quizzes Today
1
Countries of Asia Without Outlines Minefield
2
Find the US States - No Outlines Minefield
3
Pick 6: Fruits
4
Alphabetical 'K' Countries by Flag Minefield
5
The Countries of the World
6
Find the US States
7
US States
8
Find the Countries of Europe - No Outlines Minefield
More Literature Quizzes
12-1 Harry Potter: When Did It Happen?
Quiz Lab
Trending Quizzes
Pick 6: Mountains
Pick 6: Harry Potter
Pick 6: Flags
Pick 6: NFL Teams
Pick 6: Movie Franchises
Recently Updated
NWSL Teams
pecheneg
Women's Final Four Teams by Year
bhenderson79
Presidents Quartet II
eogle
Anything But Clue(do)
eogle
Anything But Oceanian Capitals
eogle
Anything But 7
eogle
Anything But Thing
eogle
Word Ladder: February 29
pecheneg
Song Title Questions
pecheneg
Women's NCAA Tournament #1 Seeds
pecheneg
Trending Topics
Kpop
Disney
NBA
Anime
Marvel
Harry Potter
Crossword
Song
Pokémon
Country
NFL
Puzzle
WWE
The Office
Soccer
Your Account Isn't Verified!
In order to create a playlist on Sporcle, you need to verify the email address you used during registration. Go to your
Sporcle Settings
to finish the process.
Report this User
Report this user for behavior that violates our
Community Guidelines
.
Details:
Send Report
Go to the Sporcle.com Mobile Site →
Comments